Click a Valid US State A-Z On A Map - Statistics

General Stats
  • This quiz has been taken 113 times
  • The average score is 16 of 19
Answers on the Map
Answers color-coded by a green-red scale on the quiz's map according to % correct below.
 
Answer Stats
Answer % Correct
A
88%
C
88%
F
86%
N
86%
W
86%
O
85%
P
85%
M
83%
T
83%
L
82%
U
82%
S
81%
V
81%
K
79%
G
78%
H
78%
I
78%
R
74%
D
72%
No matching quizzes found
Score Distribution
Percent of People with Each Score
Percentile by Number Answered
Your Score History
You have not taken this quiz